| 000 -CABECERA |
| Longitud fija campo de control |
00422nam a2200157 a 4500 |
| 001 - NÚMERO DE CONTROL |
| Número de control |
2438 |
| 003 - IDENTIFICADOR DEL NÚMERO DE CONTROL |
| Identificador del número de control |
CDMR |
| 005 - FECHA Y HORA DE LA ÚLTIMA TRANSACCIÓN |
| Fecha y hora de la última transacción |
20130116135230.0 |
| 008 - CÓDIGOS DE INFORMACIÓN DE LONGITUD FIJA |
| Códigos de información de longitud fija |
130130s1967||||||||||||||||||||||||||||d |
| 040 ## - FUENTE DE LA CATALOGACIÓN |
| Centro catalogador de origen |
CDMR |
| Lengua de catalogación |
cat |
| Centro transcriptor |
CDMR |
| 100 1# - PUNTO DE ACCESO PRINCIPAL-NOMBRE DE PERSONA |
| Nombre de persona |
Emery, Edwin |
| 9 (RLIN) |
807 |
| 245 14 - MENCIÓN DE TÍTULO |
| Título |
Las comunicaciones en el mundo actual |
| Mención de responsabilidad, etc. |
Edwin Emery i Phillip H. Ault i Warren K. Agee |
| 260 ## - PUBLICACIÓN, DISTRIBUCIÓN, ETC. (PIE DE IMPRENTA) |
| Lugar de publicación, distribución, etc. |
Cali |
| Fecha de publicación, distribución, etc. |
1967 |
| Nombre del editor, distribuidor, etc. |
Norma |
| 300 ## - DESCRIPCIÓN FÍSICA |
| Extensión |
611 p ; |
| Dimensiones |
20 cm |
| 942 ## - ENTRADA DE ELEMENTOS AGREGADOS (KOHA) |
| Koha [por defecto] tipo de item |
Monografies |